000 01804nam0a2200421 4500
001 RU\NLR\bibl\969757
005 20260405110314.0
010 _a5-8044-0560-8
_9100
021 _aRU
_b2006-30329
_91509
035 _a(nilc)RSL-KNO-002890279
035 _a(NLR Aleph) 000957724
090 _a319805
_c319805
100 _a20060524d2006 |||y0rusy50 ca
101 0 _arus
_deng
102 _aRU
105 _aa |||||||||
106 _ar
200 1 _aТеория и практика изготовления отливок в вакуумно-пленочных формах
_fВ.В. Иванов
210 _aВладивосток
_cДальнаука
_d2006
_eВладивосток
_gДальнаука
215 _a251 с.
_cил., цв. ил.
_d22
300 _aРез. на англ. яз.
320 _aБиблиогр.: с. 244-251 (93 назв.)
606 1 _aЛитейное производство
_9951027
_3RU\NLR\auth\6634752
610 0 _aМашиностроение -- Литейное производство. Фасонное литье металлов -- Формовка
610 0 _aМашиностроение -- Литейное производство. Фасонное литье металлов -- Заливка металла в формы
610 0 _aвакуумно-плёночная формовка
686 _aК612,0
_2rubbk
686 _aК615,0
_2rubbk
686 _aК61
700 1 _4070
_7ca
_8rus
_aИванов
_bВ. В.
_cканд. техн. наук
_gВиктор Валентинович
_924425
_3RU\NLR\auth\7741477
801 0 _aRU
_bРКП
_c20060524
_grcr
801 1 _aRU
_bРГБ
_c20060524
801 2 _aRU
_bNLR
_c20060721
_grcr
830 _aАвт. по кн.
942 _cBOOK
980 _aNB
980 _aNBR